000 00663nam a2200157Ia 4500
008 210329s9999||||xx |||||||||||||| ||und||
040 _cSTCPL
041 _hHND
082 _a891.4309
_bGAN-H
100 _aMadhur Gangadhar
245 0 _aHawa par unthiswarsh
_hहवा पर उनतीस वर्श
260 _aCulcutta
_bMukhal Publications
_c1999
300 _aP- 135 21 CM
650 _aGeneralDNA, RNA AND PROTEIN SYNTHESIS, FEMALE GONADS AND OOGENESIS, FERTILIZATION, PARTHENOGENESIS, CLEAVAGE AND BLASTULATION, FATE MAPS AND CELL LINKAGE, GASTRULATION, EMBROYOGENESIS GRADIENT THEORY, REGENERATION, TERATOGENESIS, BIRTH CONTROL
942 _cBK
999 _c45347
_d45347